An Indian political life: (Record no. 19774)

000 -LEADER
fixed length control field 00396nam a22001451a 4500
020 ## - INTERNATIONAL STANDARD BOOK NUMBER
ISBN 9788132109471
082 ## - DEWEY DECIMAL CLASSIFICATION NUMBER
Classification number 954.052
Item number PAU/I
245 ## - TITLE STATEMENT
Title An Indian political life:
Sub Title Charan Singh and congrss politics, 1957 to 1967/
Statement of responsibility, etc by Paul R Brass
260 ## - PUBLICATION, DISTRIBUTION, ETC. (IMPRINT)
Place of publication New Delhi:
Name of publisher Sage,
Year of publication 2012.
300 ## - PHYSICAL DESCRIPTION
Number of Pages 475p.
650 ## - SUBJECT ADDED ENTRY--TOPICAL TERM
Topical Term History 1957-1967
650 ## - SUBJECT ADDED ENTRY--TOPICAL TERM
Topical Term History India
650 ## - SUBJECT ADDED ENTRY--TOPICAL TERM
Topical Term History
942 ## - ADDED ENTRY ELEMENTS (KOHA)
Koha item type Book
Holdings
Withdrawn status Lost status Damaged status Not for loan Permanent Location Current Location Date acquired Cost, normal purchase price Full call number Accession Number Cost, replacement price Price effective from Koha item type
        Sree Sankaracharya University of Sanskrit Sree Sankaracharya University of Sanskrit 08.01.2015 895.00 954.052 PAU/I 070988 0.00 08.01.2015 Book